000 00722nam a2200241Ia 4500
003 OSt
005 20220925205745.0
006 a|||||r|||| 00| 0
007 ta
008 220923b |||||||| |||| 00| 0 eng d
020 _a082481407X
037 _cGeneral Book
040 _aRTL
_cRTL
_beng
041 _2eng
_aeng
082 _aX:54.43591.N9, N1
100 _aREGNIER PHILIPPE
_9270942
245 0 _aSingapore
_b City-state in South-East Asia. Tr from
260 _aHonolulu
_bUniversity of Hawaii Press
_c1991
300 _axiii, 301p Bibliography: P 276-97
_ccm.
650 _aForeign Trade
942 _hX:54.43591.N9, N1
_cGB
_2CC
999 _c553109
_d553109